|
|
|
|
| LEADER |
00727cam a2200181 7i4500 |
| 001 |
0000026989 |
| 005 |
20111004090000.0 |
| 020 |
0 |
0 |
|a 9677008005
|
| 090 |
0 |
0 |
|a M 346.595
|b AKT
|
| 245 |
0 |
0 |
|a Akta Kontrak 1950 (Akta 136), Akta Kontrak (Pindaan) 1976 (Akta A329), Akta Kontrak Kerajaan 1949 (Akta 120) :
|b semua pindaan hingga Mei, 2006
|c disusun semula oleh Penasihat Undang-undang MDC.
|
| 250 |
0 |
0 |
|a 9th ed.
|
| 260 |
0 |
0 |
|a Kuala Lumpur:
|b MDC Publishers,
|c 2006.
|
| 300 |
# |
# |
|a 97p.
|
| 440 |
# |
# |
|a Undang-undang Malaysia
|
| 650 |
0 |
0 |
|a Contracts --
|x Law and legislation --
|z Malaysia
|
| 650 |
0 |
0 |
|a Public contracts --
|x Law and legislation --
|z Malaysia
|
| 651 |
0 |
0 |
|a Malaysia
|
| 999 |
|
|
|a 0000028745
|b Book
|c Malaysia
|e Business Information Centre
|